000 01549nam a22003375a 4500
999 _c25536
_d25508
003 EG-ScBUE
005 20210809111200.0
008 171101s1991 ua f b 000 0 ara d
017 _a1991 / 3320
020 _a977514910X
040 _aEG-ScBUE
_bara
_erda
_cEG-ScBUE
_dEG-ScBUE
043 _af-ua---
_ae-fr---
082 0 4 _a347.6209
_bف و د
_222
100 1 _aفودة، رأفت،
_eمؤلف.
245 1 0 _aدروس في قضاء المسئولية الإدارية /
_cدكتور رأفت فودة، أستاذ ورئيس قسم القانون العام بكلية الحقوق-جامعة القاهرة والمحامي بالنقض والإدارية العليا.
264 1 _aالقاهرة :
_bدار النهضة العربية،
_c1991.
300 _a244 صفحة ؛
_c24 سم
336 _2rdacontent
_aنص
_btxt
337 _2rdamedia
_aبدون وسيط
_bn
338 _2rdacarrier
_aمجلد
_bnc
504 _aيشتمل على إرجاعات ببليوجرافية.
541 _aBook fair 2021.
650 7 _aالمنازعات الإدارية
_xقوانين وتشريعات
_zمصر.
_2BUEsh
_927936
650 7 _aالمنازعات الإدارية
_xقوانين وتشريعات
_zفرنسا.
_2BUEsh
_927936
650 7 _aالمسئولية الإدارية
_xقوانين وتشريعات
_zمصر.
_2BUEsh
650 7 _aالمسئولية الإدارية
_xقوانين وتشريعات
_zفرنسا.
_2BUEsh
651 _2BUEsh
653 _bLLAAWW
_cNovember2017
655 _vReading book
_934232
942 _2ddc